| 000 | 00568nam a2200193 4500 | ||
|---|---|---|---|
| 001 | 122323 | ||
| 003 | ES-MaACL | ||
| 005 | 20251018063104.0 | ||
| 007 | t| | ||
| 008 | 070214s1962 sp r ||||1| spa d | ||
| 100 | 1 |
_aPous i Pagès, Josep, _d1873-1952 _993468 |
|
| 245 | 1 | 3 |
_aLa vida i la mort d'en Jordi Fraginals _b: novel-la / _cper José Pous y Pagés. |
| 260 |
_aBarcelona : _bRauter, _c1962. |
||
| 300 |
_a288 p. ; _c18 cm. |
||
| 490 | 1 | _aAlbada | |
| 830 | 0 |
_aAlbada _9218839 |
|
| 852 |
_aES-MaACL _jC-23284 _bR.51743 |
||
| 999 |
_c122323 _d122323 |
||